000 00652nam a2200181Ia 4500
008 100921s9999 xx 000 0 und d
082 _b34103
_a891.463 न 01
100 _aहरकारे अरूण.
245 _aकोळ्याचं जाळं.
260 _bअक्षता प्रकाशन, पुणे.
_c2001
300 _a192
_bजयेश एजन्सी,पुणे.
365 _b160
520 _aललित-कादंबरी.
630 _aकोळ्याचं जाळं.
650 _aललित-कादंबरी.
730 _aकोळ्याचं जाळं.
942 _cBOOK
999 _c783216
_d783213